| 000 | 00941nam a2200325 a 4500 | ||
|---|---|---|---|
| 001 | 37822 | ||
| 003 | MCM | ||
| 005 | 20211209052648.0 | ||
| 008 | 150729s1975 nyu 001 0 eng d | ||
| 020 | _a0393092518 | ||
| 035 | _aBD-RjUL | ||
| 035 | _a(BD-RjUL) 37927 | ||
| 035 | _aGLIS00039996 | ||
| 040 |
_aVIC _cVIC _dBD-RjUL _beng |
||
| 041 | _aeng | ||
| 082 |
_a821 _bNOR 1975 |
||
| 090 |
_aPR1174 _b.N62 1975 |
||
| 099 | _aPR1174.N62 1975 | ||
| 245 | 0 | 4 |
_aThe Norton anthology of poetry / _cAlexander W. Allison ... [et al.]. |
| 250 | _aRev. shorter ed. | ||
| 260 |
_aNew York : _bNorton, _cc1975. |
||
| 300 |
_axxvii, 660 p. ; _c23 cm. |
||
| 500 | _aFirst ed. by Arthur M. Eastman. | ||
| 500 | _aIncludes index. | ||
| 650 | 0 |
_aEnglish poetry. _9117172 |
|
| 650 | 0 |
_aAmerican poetry. _9117173 |
|
| 700 | 1 |
_aAllison, Alexander W. _q(Alexander Ward) _9117174 |
|
| 700 | 1 |
_aEastman, Arthur M., _d1918- _9117175 |
|
| 942 |
_2ddc _cBK |
||
| 999 |
_c37822 _d37822 |
||